<?xml version="1.0" encoding="UTF-8"?>
<record
    xmlns:xsi="http://www.w3.org/2001/XMLSchema-instance"
    xsi:schemaLocation="http://www.loc.gov/MARC21/slim http://www.loc.gov/standards/marcxml/schema/MARC21slim.xsd"
    xmlns="http://www.loc.gov/MARC21/slim">

  <leader>02327agaaa2200337   4500</leader>
  <controlfield tag="001">1621</controlfield>
  <controlfield tag="003">IT-RoPAU</controlfield>
  <controlfield tag="005">20220918181235.0</controlfield>
  <controlfield tag="007">d cvaizq</controlfield>
  <controlfield tag="008">50131s9999||||xx ||| |     ||   ||und||</controlfield>
  <datafield tag="040" ind1=" " ind2=" ">
    <subfield code="a">IT-RoPAU</subfield>
    <subfield code="c">IT-RoPAU</subfield>
  </datafield>
  <datafield tag="041" ind1=" " ind2=" ">
    <subfield code="a">ITALIANO</subfield>
  </datafield>
  <datafield tag="100" ind1=" " ind2=" ">
    <subfield code="a">Vidor King</subfield>
    <subfield code="g">Codice regista SPICS: 39</subfield>
    <subfield code="9">42435</subfield>
  </datafield>
  <datafield tag="130" ind1=" " ind2=" ">
    <subfield code="a">UOMO SENZA PAURA (L')</subfield>
    <subfield code="9">42436</subfield>
  </datafield>
  <datafield tag="240" ind1=" " ind2=" ">
    <subfield code="a">MAN WITHOUT A STAR (THE)</subfield>
    <subfield code="g">T1734</subfield>
  </datafield>
  <datafield tag="245" ind1=" " ind2=" ">
    <subfield code="a">UOMO SENZA PAURA (L')</subfield>
    <subfield code="c">Prodotto da: Rosenberg Aaron -- Sceneggiatura: Chase Border Beauchamp D.D. -- Diretto da: Vidor King</subfield>
    <subfield code="p">UOMO SENZA PAURA (L') (Rif. Codice opera principale : 21621)</subfield>
  </datafield>
  <datafield tag="246" ind1=" " ind2=" ">
    <subfield code="a">MAN WITHOUT A STAR (THE)</subfield>
  </datafield>
  <datafield tag="250" ind1=" " ind2=" ">
    <subfield code="a">Edizione Standard</subfield>
  </datafield>
  <datafield tag="260" ind1=" " ind2=" ">
    <subfield code="a">(USA)</subfield>
    <subfield code="b">UNIVERSAL / Distribuzione: RAI</subfield>
    <subfield code="g">"1955 (1&#xB0; ed.: 1983 ; Ed. Lingua Orig.: 1955)"</subfield>
  </datafield>
  <datafield tag="300" ind1=" " ind2=" ">
    <subfield code="a">VHS</subfield>
    <subfield code="b">sonoro, col.</subfield>
    <subfield code="c">120 minuti</subfield>
  </datafield>
  <datafield tag="508" ind1=" " ind2=" ">
    <subfield code="a">"Fotografia: Metty Russell; Montaggio: Vogel Virgil; Musica: Hughes Arnold; Sceneggiatura: Chase Border Beauchamp D.D.; Scenografia: Golitzen A.; "</subfield>
  </datafield>
  <datafield tag="511" ind1=" " ind2=" ">
    <subfield code="a">"Douglas Kirk; Crain Jeanne; Trevor Claire; Campbell William; Boone Richard; Waller E"</subfield>
  </datafield>
  <datafield tag="520" ind1=" " ind2=" ">
    <subfield code="a">DEMPSEY E JEFF VANNO A LAVORARE COME COW BOYS NELLA TENUTA DI UNA RICCA PROPRIETARIA DI BESTIAME LA BELLA REED QUESTA VUOLE OCCUPARE CON LE SUE IMMENSE MANDRIE TUTTI I PASCOLI DEL TERRITORIO NON LASCIANDO NULLA AI PICCOLI ALLEVATORI DELLA ZONA IL FATTORE DI REED DAVIS CHE NON E' D'ACCORDO CON LE IDEE DELLA PADRONA VIENE SOSTITUITO DA DEMPSEY I PICCOLI ALLEVATORI STENDONO DEI RETICOLATI INTORNO AI PASCOLI CHE VOGLIONO RISERVARE ALLE LORO MANDRIE E PRENDONO A FUCILATE GLI UOMINI DI REED CHE TENTANO DI ABBATTERE I RETICOLATI SDEGNATO PER LA PREPOTENZA DI REED DEMPSEY ABBANDONA LA TENUTA MENTRE IL SUO AMICO IL GIOVANE JEFF RESTA ACCANTO ALLA BELLA PADRONA S'ACCENDE LA LOTTA TRA GLI UOMINI DI STEVE IL NUOVO FATTORE DI REED E I PICCOLI ALLEVATORI CAPEGGIATI DA DEMPSEY ALLA FINE DEMPSEY E I SUOI HANNO LA MEGLIO FILM WESTERN A COLORI</subfield>
  </datafield>
  <datafield tag="538" ind1=" " ind2=" ">
    <subfield code="a">PAL, STEREO</subfield>
  </datafield>
  <datafield tag="546" ind1=" " ind2=" ">
    <subfield code="a">ITALIANO</subfield>
  </datafield>
  <datafield tag="650" ind1=" " ind2=" ">
    <subfield code="a">WESTERN</subfield>
    <subfield code="e">FILMS [VHS]</subfield>
    <subfield code="x">Codice MATERIA SPICS: 9960</subfield>
    <subfield code="9">34088</subfield>
  </datafield>
  <datafield tag="700" ind1=" " ind2=" ">
    <subfield code="a">Hughes Arnold</subfield>
    <subfield code="e">(musica)</subfield>
    <subfield code="g">Codice Musica SPICS: 29140</subfield>
    <subfield code="9">42437</subfield>
  </datafield>
  <datafield tag="700" ind1=" " ind2=" ">
    <subfield code="a">Vidor King </subfield>
    <subfield code="e">(regista)</subfield>
    <subfield code="g">Codice regista SPICS: 39</subfield>
    <subfield code="9">42438</subfield>
  </datafield>
  <datafield tag="700" ind1=" " ind2=" ">
    <subfield code="a">Vidor King </subfield>
    <subfield code="e">(soggetto)</subfield>
    <subfield code="g">Codice Soggetto SPICS: 39</subfield>
    <subfield code="9">42439</subfield>
  </datafield>
  <datafield tag="942" ind1=" " ind2=" ">
    <subfield code="c">VH</subfield>
    <subfield code="2">ddc</subfield>
  </datafield>
  <datafield tag="999" ind1=" " ind2=" ">
    <subfield code="c">105622</subfield>
    <subfield code="d">105622</subfield>
  </datafield>
  <datafield tag="952" ind1=" " ind2=" ">
    <subfield code="0">0</subfield>
    <subfield code="1">0</subfield>
    <subfield code="4">0</subfield>
    <subfield code="6">21621_000000000000000</subfield>
    <subfield code="7">1</subfield>
    <subfield code="a">SPICS</subfield>
    <subfield code="b">SPICS</subfield>
    <subfield code="d">2015-01-31</subfield>
    <subfield code="l">0</subfield>
    <subfield code="o">21621</subfield>
    <subfield code="r">2015-01-31 00:00:00</subfield>
    <subfield code="w">2015-01-31</subfield>
    <subfield code="y">VH</subfield>
    <subfield code="z">Progr. Ins.: 1417 / N.Vol.:1 / Copie: 1 / Pag.: / Copia rara: n.d. / date import: 1.2.2015 / By Epidotti, Trombetti, Vaglietti</subfield>
  </datafield>
</record>
